आलोचक और आलोचना / (Record no. 111426)

MARC details
000 -LEADER
fixed length control field 01082nam a22002657a 4500
005 - DATE AND TIME OF LATEST TRANSACTION
control field 20170124102924.0
010 ## - LIBRARY OF CONGRESS CONTROL NUMBER
LC control number B-072933
020 ## - INTERNATIONAL STANDARD BOOK NUMBER
Terms of availability 300.00
International Standard Book Number 8176750719
035 ## - SYSTEM CONTROL NUMBER
System control number B-072933
037 ## - SOURCE OF ACQUISITION
Source of stock number/acquisition Cen Lib/Ret
040 ## - CATALOGING SOURCE
Original cataloging agency DPL
Language of cataloging HN
082 ## - DEWEY DECIMAL CLASSIFICATION NUMBER
Classification number 820.8
Item number कमला
100 ## - MAIN ENTRY--PERSONAL NAME
Personal name कमला प्रसाद
9 (RLIN) 210
245 ## - TITLE STATEMENT
Title आलोचक और आलोचना /
Statement of responsibility, etc कमला प्रसाद
246 ## - VARYING FORM OF TITLE
Title proper/short title Alochak or Alochna
Remainder of title Kamla Prasad
260 ## - PUBLICATION, DISTRIBUTION, ETC. (IMPRINT)
Place of publication, distribution, etc पंचकुला
Name of publisher, distributor, etc आधार प्रकाशन
Date of publication, distribution, etc 2002
270 ## - ADDRESS
Address एस सी ऍफ़ 267,सेक्टर -16 पंचकुला
City पंचकुला (हरियाणा )
Postal code 134113
300 ## - PHYSICAL DESCRIPTION
Extent 315पृष्ठ.
Dimensions 21सजिल्द
650 ## - SUBJECT ADDED ENTRY--TOPICAL TERM
Topical term or geographic name as entry element हिंदी साहित्य
9 (RLIN) 42752
650 ## - SUBJECT ADDED ENTRY--TOPICAL TERM
Topical term or geographic name as entry element हिंदी आलोचना
9 (RLIN) 7
650 ## - SUBJECT ADDED ENTRY--TOPICAL TERM
Topical term or geographic name as entry element हिंदी लिटरेचर
9 (RLIN) 42753
650 ## - SUBJECT ADDED ENTRY--TOPICAL TERM
Topical term or geographic name as entry element हिंदी क्रिटिस्म
9 (RLIN) 2243
700 ## - ADDED ENTRY--PERSONAL NAME
9 (RLIN) 42583
942 ## - ADDED ENTRY ELEMENTS (KOHA)
Source of classification or shelving scheme Dewey Decimal Classification
Koha item type Hindi Books
Classification part 820.8
Call number suffix कमला
Holdings
Withdrawn status Lost status Damaged status Not for loan Home library Current library Date acquired Source of acquisition Cost, normal purchase price Total Checkouts Full call number Barcode Date last seen Copy number Cost, replacement price Price effective from Koha item type
        Central Library Central Library 01/08/2015 Cen Lib/Ret 300.00   820.8 कमला B-072933 01/08/2015 1 300.00 01/08/2015 Hindi Books

© Delhi Public Library
Hit Counter
free hit counter